<Der> Kreditnehmer bei Umschuldungsgeschäften unter Bürgschaftshingabe.

Charakteristika obchodov s presunom dlžôb z materského úverového ústavu a otázky postúpenia ručenia na pôžičku. Právne podmienky poskytnutia pôžičky. Definovanie dlžníka pri získaní pohľadávky a jej právna a ekonomická stránka. Porušovanie predpisov pri presunoch dlžôb. Postup pri zmocnení k jednani...

Full description

Saved in:
Bibliographic Details
Main Author: Evers, J.
Format: Book Chapter
Language:German
Subjects:
Tags: Add Tag
No Tags, Be the first to tag this record!

MARC

LEADER 00000naa a2200000 4500
001 r003944
005 20221130103533.6
041 0 |a ger 
044 |a DE 
245 1 0 |a <Der> Kreditnehmer bei Umschuldungsgeschäften unter Bürgschaftshingabe.  |c J. Evers 
520 |a Charakteristika obchodov s presunom dlžôb z materského úverového ústavu a otázky postúpenia ručenia na pôžičku. Právne podmienky poskytnutia pôžičky. Definovanie dlžníka pri získaní pohľadávky a jej právna a ekonomická stránka. Porušovanie predpisov pri presunoch dlžôb. Postup pri zmocnení k jednaniu. Štruktúrne porovnanie priebehu presunov dlžôb. 
610 2 0 |a dlhy 
610 2 0 |a dlžníci 
610 2 0 |a pôžičky 
610 2 0 |a pohľadávky 
100 1 |a Evers, J.